Abstract algebra (Record no. 1856)
[ view plain ]
| 000 -LEADER | |
|---|---|
| fixed length control field | 00425 a2200181 4500 |
| 001 - CONTROL NUMBER | |
| control field | 068017 |
| 003 - CONTROL NUMBER IDENTIFIER | |
| control field | OSt |
| 005 - DATE AND TIME OF LATEST TRANSACTION | |
| control field | 20220125171031.0 |
| 008 - FIXED-LENGTH DATA ELEMENTS--GENERAL INFORMATION | |
| fixed length control field | |
| 082 ## - DEWEY DECIMAL CLASSIFICATION NUMBER | |
| Classification number | 512.02 |
| Item number | S59A |
| 100 1# - MAIN ENTRY--PERSONAL NAME | |
| Personal name | Sheth, I.H. |
| 245 1# - TITLE STATEMENT | |
| Title | Abstract algebra |
| Statement of responsibility, etc | by I.H. Sheth |
| 250 ## - EDITION STATEMENT | |
| Edition statement | 2nd ed. |
| 260 ## - PUBLICATION, DISTRIBUTION, ETC. (IMPRINT) | |
| Place of publication, distribution, etc | New Delhi |
| Name of publisher, distributor, etc | PHI Learning |
| Date of publication, distribution, etc | 2009 |
| 300 ## - PHYSICAL DESCRIPTION | |
| Extent | 373p. |
| 653 ## - INDEX TERM--UNCONTROLLED | |
| Uncontrolled term | Algebra, Abstract |
| 942 ## - ADDED ENTRY ELEMENTS (KOHA) | |
| Source of classification or shelving scheme | Dewey Decimal Classification |
| Koha item type | Books |
| Withdrawn status | Lost status | Source of classification or shelving scheme | Damaged status | Not for loan | Collection code | Home library | Current library | Date acquired | Source of acquisition | Cost, normal purchase price | Total Checkouts | Full call number | Barcode | Date last seen | Date checked out | Price effective from | Koha item type |
|---|---|---|---|---|---|---|---|---|---|---|---|---|---|---|---|---|---|
| Dewey Decimal Classification | General Text Book | Central University Of Rajasthan | Central University Of Rajasthan | 07/03/2012 | MTH | 250.00 | 3 | 512.02 S59A | 2304 | 08/06/2026 | 26/05/2026 | 02/09/2020 | Books | ||||
| Dewey Decimal Classification | General Text Book | Central University Of Rajasthan | Central University Of Rajasthan | 07/03/2012 | MTH | 250.00 | 3 | 512.02 S59A | 2436 | 21/11/2024 | 02/08/2022 | 02/09/2020 | Books |
